00279nam a22001097a 4500041001200000082001500012100002100027245006000048260003900108300000800147650001400155 aEnglish a270.82 ABR aAbraham K.C.(ed) aEcumenism In Asia: Essays in Honour of Feliciano Carino aBangalorebATESEA and BTESSCc1999 a128 aEcumenism